Centrum chorvátskej kultúry, Jarovce

Saved in:
Bibliographic Details
Main Author: Gernicová, Karolina (Author)
Other Authors: Bogár, Michal (Thesis advisor)
Format: Manuscript Book
Language:Slovak
Published: 2025
Subjects:
Online Access:http://is.stuba.sk/zp/portal_zp.pl?podrobnosti=168227
Tags: Add Tag
No Tags, Be the first to tag this record!

MARC

LEADER 00000ntm a22000003a 4500
001 stuzp105215
003 SK-STU
005 20250614213722.1
007 ta
008 150427s2015----xo-----f-mn---000-0-slo-d
040 |a STU  |b slo 
041 0 |a slo 
100 1 |a Gernicová, Karolina  |u 054140  |4 aut  |U FAD Fakulta architektúry a dizajnu  |T FAD Ústav konštrukcií v architektúre a inžinierskych stavieb  |X 115560  |U A4140  |Y 395  |7 115560 
242 0 1 |a Croatian Cultural Center, Jarovce  |y eng 
245 1 0 |a Centrum chorvátskej kultúry, Jarovce 
260 |c 2025 
650 4 |a Skylight  |2 eng 
650 4 |a Occupancy stairs  |2 eng 
650 4 |a Cultural center  |2 eng 
650 4 |a Svetlík  |2 slo 
650 4 |a Pobytové schody  |2 slo 
650 4 |a Kultúrne centrum  |2 slo 
700 1 |a Bogár, Michal  |u 054140  |k Z8  |4 ths  |U FAD Fakulta architektúry a dizajnu  |T FAD Ústav konštrukcií v architektúre a inžinierskych stavieb  |X 71161  |U A4140  |Y 395  |7 A000071161 
856 4 |u http://is.stuba.sk/zp/portal_zp.pl?podrobnosti=168227